Rozpoznaj kluby po niestandardowych podpowiedziach #1 - Statystyki

Ogólne statystyki
  • Ten quiz został rozwiązany 92 razy
  • Średni wynik to 3 z 10
Statystyki odpowiedzi
Liga Ilość tytułów mistrzowskich Obecne europejskie puchary, w której gra Grał w Lidze Europy sezonu 2018/19 (faza grupowa) Klub % Poprawnych
Serie A 18 Liga Mistrzów Tak AC Milan
96%
Eredivisie 15 Liga Konferencji Europy Nie Feyenoord Rotterdam
38%
Serie A 2 Liga Europy Nie SSC Napoli
33%
Premier League 9 Brak Nie Everton
26%
Ekstraklasa 5 Brak Nie Cracovia
25%
Ö. Bundesliga 32 Liga Europy Tak Rapid Wiedeń
24%
Liga Portugal Bwin 0 Liga Europy Nie SC Braga
13%
Ligue 1 0 Liga Konferencji Europy Tak Stade Rennes
11%
Premier League 7 brak Nie Aston Villa
9%
Bundesliga 0 Liga Europy Tak Bayer 04 Leverkusen
8%
Nie znaleziono quizów pasujących do podanych kryteriów
Rozkład punktacji
Procent ludzi z każdym wynikiem
Percentyl według liczby udzielonych odpowiedzi
Twoja historia wyników
Nie rozwiązałeś tego quizu